| 000 | 00485nam a2200157Ia 4500 | ||
|---|---|---|---|
| 008 | 170224s9999 xx 000 0 und d | ||
| 100 | _aShuhua Zhou | ||
| 245 | _aIs the agenda set? State of agenda-setting research in China and Korea | ||
| 245 | _cShuhua Zhou, Yeojin Kim, Yunjuan Luo & Fei Qiao | ||
| 260 | _bAsian Journal of Communication | ||
| 260 | _c2016 | ||
| 300 | _a26:6, Pages: 566-582 | ||
| 500 | _a2016 | ||
| 650 | _xCommunication Arts | ||
| 650 | _xMultimedia Arts | ||
| 999 |
_c316228 _d316228 |
||